[Event "OEISM 0818 BLMM"]
[Site "austriablmm"]
[Date "2020.12.12"]
[Round "1"]
[White "Gritschb"]
[Black "Uhtred08"]
[Result "1/2-1/2"]
[WhiteElo "1548"]
[BlackElo "1534"]
[Annotator "NA RC"]
[PlyCount "128"]
[EventDate "2020.12.12"]
[EventType "blitz"]

1. e4 {[%emt 0:00:05]} e5 {[%emt 0:00:02]} 2. Nf3 {[%emt 0:00:02]} Nc6 {[%emt 0:00:02]} 3. Bb5 {[%emt 0:00:02]} a6 {[%emt 0:00:04]} 4. Ba4 {[%emt 0:00:01]} Nf6 {[%emt 0:00:05]} 5. O-O {[%emt 0:00:02]} b5 {[%emt 0:00:05]} 6. Bb3 {[%emt 0:00:05]} Nxe4 {[%emt 0:00:05]} 7. Re1 {[%emt 0:00:08]} Nc5 {[%emt 0:00:56]} 8. Nxe5 {[%emt 0:00:06]} Nxe5 {[%emt 0:00:03]} 9. Rxe5+ {[%emt 0:00:02]} Be7 {[%emt 0:00:05]} 10. Qe1 {[%emt 0:00:16]} d6 {[%emt 0:00:10]} 11. Re3 {[%emt 0:00:05]} Nxb3 {[%emt 0:00:07]} 12. axb3 {[%emt 0:00:04]} Be6 {[%emt 0:00:04]} 13. d4 {[%emt 0:00:13]} Bg5 {[%emt 0:00:24]} 14. Re2 {[%emt 0:00:11]} O-O {[%emt 0:00:11]} 15. Nc3 {[%emt 0:00:10]} Qf6 {[%emt 0:00:08]} 16. d5 {[%emt 0:00:08]} Bd7 {[%emt 0:00:30]} 17. Ne4 {[%emt 0:00:07]} Qg6 {[%emt 0:00:38]} 18. Nxg5 {[%emt 0:00:13]} h6 {[%emt 0:00:05]} 19. Nf3 {[%emt 0:00:03]} Bh3 {[%emt 0:00:13]} 20. g3 {[%emt 0:00:04]} Bg4 {[%emt 0:00:12]} 21. Nh4 {[%emt 0:00:08]} Qf6 {[%emt 0:00:21]} 22. Re4 {[%emt 0:00:18]} Bh3 {[%emt 0:00:21]} 23. Rf4 {[%emt 0:00:21]} Rae8 {[%emt 0:00:37]} 24. Qd2 {[%emt 0:01:00]} Qe7 {[%emt 0:00:30]} 25. Nf3 {[%emt 0:00:06]} g5 {[%emt 0:00:18]} 26. Rd4 {[%emt 0:02:23]} g4 {[%emt 0:00:18]} 27. Qd1 {[%emt 0:00:26]} gxf3 {[%emt 0:00:13]} 28. Bxh6 {[%emt 0:00:06]} Qf6 {[%emt 0:01:28]} 29. Bxf8 {[%emt 0:00:10]} Kxf8 {[%emt 0:00:02]} 30. Rf4 {[%emt 0:00:02]} Qxb2 {[%emt 0:00:24]} 31. Rb1 {[%emt 0:00:17]} Qc3 {[%emt 0:00:06]} 32. Rxf3 {[%emt 0:00:07]} Re1+ {[%emt 0:00:16]} 33. Qxe1 {[%emt 0:00:44]} Qxf3 {[%emt 0:00:03]} 34. Qf1 {[%emt 0:00:15]} Bxf1 {[%emt 0:00:09]} 35. Rxf1 {[%emt 0:00:04]} Qe2 {[%emt 0:00:02]} 36. h4 {[%emt 0:00:05]} Qxc2 {[%emt 0:00:02]} 37. Kh2 {[%emt 0:00:11]} Qxb3 {[%emt 0:00:03]} 38. g4 {[%emt 0:00:08]} Qxd5 {[%emt 0:00:16]} 39. h5 {[%emt 0:00:04]} Qg5 {[%emt 0:00:07]} 40. Kh3 {[%emt 0:00:07]} c5 {[%emt 0:00:08]} 41. f4 {[%emt 0:00:01]} Qh6 {[%emt 0:00:08]} 42. Kh4 {[%emt 0:00:03]} f6 {[%emt 0:00:05]} 43. g5 {[%emt 0:00:01]} Qh7 {[%emt 0:00:09]} 44. h6 {[%emt 0:00:08]} Kf7 {[%emt 0:00:14]} 45. Kh5 {[%emt 0:00:16]} Qg6+ {[%emt 0:00:16]} 46. Kh4 {[%emt 0:00:03]} fxg5+ {[%emt 0:00:05]} 47. fxg5+ {[%emt 0:00:02]} Kg8 {[%emt 0:00:01]} 48. Rf6 {[%emt 0:00:02]} Qe4+ {[%emt 0:00:04]} 49. Kh5 {[%emt 0:00:02]} Qh1+ {[%emt 0:00:05]} 50. Kg4 {[%emt 0:00:03]} Qg2+ {[%emt 0:00:01]} 51. Kh5 {[%emt 0:00:07]} b4 {[%emt 0:00:04]} 52. g6 {[%emt 0:00:06]} b3 {[%emt 0:00:18]} 53. h7+ {[%emt 0:00:02]} Kg7 {[%emt 0:00:02]} 54. Rf7+ {[%emt 0:00:02]} Kh8 {[%emt 0:00:02]} 55. Kh6 {[%emt 0:00:05]} Qh3+ {[%emt 0:00:09]} 56. Kg5 {[%emt 0:00:03]} Qg3+ {[%emt 0:00:02]} 57. Kh6 {[%emt 0:00:03]} Qe3+ {[%emt 0:00:02]} 58. Kh5 {[%emt 0:00:03]} Qe8 {[%emt 0:00:09]} 59. Kh6 {[%emt 0:00:06]} Qe3+ {[%emt 0:00:09]} 60. Kh5 {[%emt 0:00:02]} b2 {[%emt 0:00:04]} 61. Rf8+ {[%emt 0:00:02]} Kg7 {[%emt 0:00:02]} 62. Rf7+ {[%emt 0:00:01]} Kh8 {[%emt 0:00:03]} 63. Rf8+ {[%emt 0:00:01]} Kg7 {[%emt 0:00:02]} 64. Rf7+ {[%emt 0:00:01]} Kh8 {[%emt 0:00:01] Threefold Rep Threefold Rep} 1/2-1/2

[Event "OEISM 0818 BLMM"]
[Site "austriablmm"]
[Date "2020.12.12"]
[Round "1"]
[White "Mostinchen"]
[Black "Wimmer Michael"]
[Result "0-1"]
[WhiteElo "1527"]
[BlackElo "1691"]
[Annotator "NA RC"]
[PlyCount "94"]
[EventDate "2020.12.12"]
[EventType "blitz"]

1. e4 {[%emt 0:00:05]} e5 {[%emt 0:00:02]} 2. Nf3 {[%emt 0:00:03]} Nc6 {[%emt 0:00:02]} 3. Bc4 {[%emt 0:00:01]} Bc5 {[%emt 0:00:03]} 4. c3 {[%emt 0:00:03]} Nf6 {[%emt 0:00:03]} 5. d3 {[%emt 0:00:01]} h6 {[%emt 0:00:04]} 6. O-O {[%emt 0:00:06]} d6 {[%emt 0:00:03]} 7. Be3 {[%emt 0:00:02]} Bb6 {[%emt 0:00:05]} 8. Nbd2 {[%emt 0:00:16]} O-O {[%emt 0:00:03]} 9. Bxb6 {[%emt 0:00:12]} axb6 {[%emt 0:00:03]} 10. d4 {[%emt 0:00:20]} exd4 {[%emt 0:00:28]} 11. cxd4 {[%emt 0:00:02]} Bg4 {[%emt 0:00:04]} 12. d5 {[%emt 0:00:29]} Ne5 {[%emt 0:00:16]} 13. Be2 {[%emt 0:00:30]} Nxf3+ {[%emt 0:00:15]} 14. Bxf3 {[%emt 0:00:04]} Bxf3 {[%emt 0:00:04]} 15. Qxf3 {[%emt 0:00:02]} Re8 {[%emt 0:00:07]} 16. Rfe1 {[%emt 0:00:02]} Qd7 {[%emt 0:00:16]} 17. Qc3 {[%emt 0:01:03]} c6 {[%emt 0:01:29]} 18. dxc6 {[%emt 0:00:31]} bxc6 {[%emt 0:00:07]} 19. Rac1 {[%emt 0:00:09]} c5 {[%emt 0:00:34]} 20. Nc4 {[%emt 0:00:13]} Qc6 {[%emt 0:01:01]} 21. f3 {[%emt 0:00:16]} b5 {[%emt 0:00:27]} 22. e5 {[%emt 0:01:13]} Nd5 {[%emt 0:00:46]} 23. Na5 {[%emt 0:00:38]} Qb6 {[%emt 0:00:35]} 24. Qd2 {[%emt 0:00:36]} Nb4 {[%emt 0:01:18]} 25. Nb3 {[%emt 0:00:28]} c4+ {[%emt 0:00:17]} 26. Kh1 {[%emt 0:00:16]} Nd3 {[%emt 0:00:09]} 27. Re2 {[%emt 0:00:59]} Nxc1 {[%emt 0:00:32]} 28. Nxc1 {[%emt 0:00:03]} dxe5 {[%emt 0:00:04]} 29. b3 {[%emt 0:00:21]} Rad8 {[%emt 0:00:09]} 30. Qc3 {[%emt 0:00:15]} b4 {[%emt 0:00:30]} 31. Qc2 {[%emt 0:00:21]} c3 {[%emt 0:00:12]} 32. Nd3 {[%emt 0:00:12]} Qd4 {[%emt 0:00:12]} 33. Nf2 {[%emt 0:00:26]} Rd7 {[%emt 0:00:34]} 34. Re4 {[%emt 0:00:10]} Qd2 {[%emt 0:00:11]} 35. Re2 {[%emt 0:00:13]} Qxc2 {[%emt 0:00:05]} 36. Rxc2 {[%emt 0:00:03]} Red8 {[%emt 0:00:06]} 37. Kg1 {[%emt 0:00:33]} Rd2 {[%emt 0:00:16]} 38. Rc1 {[%emt 0:00:06]} c2 {[%emt 0:00:11]} 39. Kf1 {[%emt 0:00:03]} Rd1+ {[%emt 0:00:02]} 40. Rxd1 {[%emt 0:00:01]} Rxd1+ {[%emt 0:00:03]} 41. Nxd1 {[%emt 0:00:06]} cxd1=Q+ {[%emt 0:00:01]} 42. Kf2 {[%emt 0:00:01]} Qd2+ {[%emt 0:00:01]} 43. Kg3 {[%emt 0:00:04]} Qxa2 {[%emt 0:00:01]} 44. h3 {[%emt 0:00:07]} Qxb3 {[%emt 0:00:02]} 45. Kh2 {[%emt 0:00:02]} Qc3 {[%emt 0:00:04]} 46. h4 {[%emt 0:00:05]} b3 {[%emt 0:00:01]} 47. h5 {[%emt 0:00:02]} b2 {[%emt 0:00:03] Mostinchen resigns} 0-1

[Event "OEISM 0818 BLMM"]
[Site "austriablmm"]
[Date "2020.12.12"]
[Round "1"]
[White "Oberwirschtl"]
[Black "Nico2006"]
[Result "0-1"]
[WhiteElo "1513"]
[BlackElo "1821"]
[Annotator "NA RC"]
[PlyCount "66"]
[EventDate "2020.12.12"]
[EventType "blitz"]

1. e4 {[%emt 0:00:56]} c5 {[%emt 0:00:04]} 2. Nf3 {[%emt 0:00:03]} e6 {[%emt 0:00:04]} 3. d4 {[%emt 0:00:01]} cxd4 {[%emt 0:00:01]} 4. Nxd4 {[%emt 0:00:00]} Nf6 {[%emt 0:00:02]} 5. Nc3 {[%emt 0:00:01]} Nc6 {[%emt 0:00:01]} 6. Ndb5 {[%emt 0:00:05]} Bb4 {[%emt 0:00:04]} 7. Nd6+ {[%emt 0:00:09]} Ke7 {[%emt 0:00:02]} 8. Bf4 {[%emt 0:00:36]} e5 {[%emt 0:00:05]} 9. Nf5+ {[%emt 0:00:10]} Kf8 {[%emt 0:00:03]} 10. Bc4 {[%emt 0:00:30]} exf4 {[%emt 0:00:39]} 11. a3 {[%emt 0:00:18]} Bxc3+ {[%emt 0:00:11]} 12. bxc3 {[%emt 0:00:18]} d5 {[%emt 0:00:06]} 13. Bxd5 {[%emt 0:00:14]} Nxd5 {[%emt 0:00:05]} 14. exd5 {[%emt 0:00:06]} Bxf5 {[%emt 0:00:04]} 15. dxc6 {[%emt 0:00:04]} Qxd1+ {[%emt 0:00:05]} 16. Rxd1 {[%emt 0:00:00]} bxc6 {[%emt 0:00:02]} 17. O-O {[%emt 0:00:05]} g6 {[%emt 0:00:05]} 18. Rd6 {[%emt 0:00:07]} Rc8 {[%emt 0:00:03]} 19. Rb1 {[%emt 0:00:09]} Ke7 {[%emt 0:00:13]} 20. Rd2 {[%emt 0:00:14]} Rhd8 {[%emt 0:00:04]} 21. Rb7+ {[%emt 0:00:11]} Kf8 {[%emt 0:00:09]} 22. Rd4 {[%emt 0:00:16]} c5 {[%emt 0:00:06]} 23. Rxd8+ {[%emt 0:00:12]} Rxd8 {[%emt 0:00:03]} 24. Kf1 {[%emt 0:00:05]} Rd7 {[%emt 0:00:11]} 25. Rb5 {[%emt 0:00:06]} Rc7 {[%emt 0:00:04]} 26. Ke2 {[%emt 0:00:08]} Bxc2 {[%emt 0:00:03]} 27. Kf3 {[%emt 0:00:02]} g5 {[%emt 0:00:03]} 28. Kg4 {[%emt 0:00:03]} h6 {[%emt 0:00:04]} 29. Kh5 {[%emt 0:00:10]} Kg7 {[%emt 0:00:02]} 30. Ra5 {[%emt 0:00:15]} Bd1+ {[%emt 0:00:18]} 31. f3 {[%emt 0:00:04]} Bc2 {[%emt 0:00:01]} 32. Ra6 {[%emt 0:00:08]} Bg6+ {[%emt 0:00:04]} 33. Kg4 {[%emt 0:00:05]} f6 {[%emt 0:00:03] Oberwirschtl resigns} 0-1

[Event "OEISM 0818 BLMM"]
[Site "austriablmm"]
[Date "2020.12.12"]
[Round "1"]
[White "Freeclimber"]
[Black "Zauberbiene"]
[Result "1-0"]
[WhiteElo "1490"]
[BlackElo "1620"]
[Annotator "NA RC"]
[PlyCount "65"]
[EventDate "2020.12.12"]
[EventType "blitz"]

1. e4 {[%emt 0:00:02]} e5 {[%emt 0:00:05]} 2. Nf3 {[%emt 0:00:01]} Nc6 {[%emt 0:00:02]} 3. Nc3 {[%emt 0:00:02]} Bb4 {[%emt 0:00:06]} 4. Bb5 {[%emt 0:00:04]} a6 {[%emt 0:00:06]} 5. Ba4 {[%emt 0:00:04]} b5 {[%emt 0:00:07]} 6. Bb3 {[%emt 0:00:03]} Nf6 {[%emt 0:00:13]} 7. O-O {[%emt 0:00:03]} d5 {[%emt 0:00:15]} 8. exd5 {[%emt 0:00:18]} Nd4 {[%emt 0:00:12]} 9. Nxd4 {[%emt 0:00:08]} exd4 {[%emt 0:00:05]} 10. Qe1+ {[%emt 0:00:26]} Kf8 {[%emt 0:00:12]} 11. Ne2 {[%emt 0:00:11]} Qe8 {[%emt 0:00:17]} 12. Nxd4 {[%emt 0:00:23]} Bg4 {[%emt 0:00:15]} 13. c3 {[%emt 0:00:49]} Bc5 {[%emt 0:00:11]} 14. d3 {[%emt 0:00:20]} h6 {[%emt 0:00:14]} 15. Bf4 {[%emt 0:00:13]} b4 {[%emt 0:00:25]} 16. a3 {[%emt 0:00:58]} a5 {[%emt 0:00:14]} 17. h3 {[%emt 0:00:49]} Bh5 {[%emt 0:00:43]} 18. Bxc7 {[%emt 0:00:09]} Bg6 {[%emt 0:00:28]} 19. Rd1 {[%emt 0:00:26]} Ra7 {[%emt 0:00:21]} 20. Bf4 {[%emt 0:00:14]} Re7 {[%emt 0:00:13]} 21. Qd2 {[%emt 0:00:14]} Qd7 {[%emt 0:01:00]} 22. Rde1 {[%emt 0:00:04]} Nxd5 {[%emt 0:00:28]} 23. Bg3 {[%emt 0:00:35]} Kg8 {[%emt 0:01:09]} 24. Bxd5 {[%emt 0:00:18]} Kh7 {[%emt 0:00:24]} 25. Rxe7 {[%emt 0:00:16]} Bxe7 {[%emt 0:00:14]} 26. Bc6 {[%emt 0:00:22]} Qc8 {[%emt 0:00:32]} 27. Re1 {[%emt 0:00:14]} Bc5 {[%emt 0:00:13]} 28. Bf3 {[%emt 0:00:26]} Re8 {[%emt 0:00:15]} 29. Bg4 {[%emt 0:00:16]} Qd8 {[%emt 0:00:56]} 30. Nf5 {[%emt 0:01:02]} f6 {[%emt 0:00:41]} 31. Nh4 {[%emt 0:00:08]} h5 {[%emt 0:00:37]} 32. Bf3 {[%emt 0:00:05]} Bxd3 {[%emt 0:00:22]} 33. Rxe8 {[%emt 0:00:07] TimeB} 1-0

[Event "OEISM 0818 BLMM"]
[Site "austriablmm"]
[Date "2020.12.12"]
[Round "1"]
[White "Xvv_valentina"]
[Black "BiancaD"]
[Result "1-0"]
[WhiteElo "1465"]
[BlackElo "1637"]
[Annotator "NA RC"]
[PlyCount "107"]
[EventDate "2020.12.12"]
[EventType "blitz"]

1. e4 {[%emt 0:00:04]} e5 {[%emt 0:00:01]} 2. Nf3 {[%emt 0:00:02]} Nf6 {[%emt 0:00:01]} 3. Nc3 {[%emt 0:00:08]} Bb4 {[%emt 0:00:04]} 4. d3 {[%emt 0:00:08]} d6 {[%emt 0:00:08]} 5. Bd2 {[%emt 0:00:02]} Bxc3 {[%emt 0:00:06]} 6. Bxc3 {[%emt 0:00:02]} O-O {[%emt 0:00:01]} 7. g3 {[%emt 0:00:05]} Re8 {[%emt 0:00:03]} 8. Bg2 {[%emt 0:00:03]} d5 {[%emt 0:00:05]} 9. O-O {[%emt 0:00:09]} d4 {[%emt 0:00:06]} 10. Bd2 {[%emt 0:00:26]} h6 {[%emt 0:00:05]} 11. c3 {[%emt 0:00:12]} Bg4 {[%emt 0:00:14]} 12. Re1 {[%emt 0:00:46]} Nc6 {[%emt 0:00:11]} 13. Qb3 {[%emt 0:00:22]} Na5 {[%emt 0:00:23]} 14. Qb4 {[%emt 0:00:16]} b6 {[%emt 0:00:12]} 15. cxd4 {[%emt 0:00:12]} Bxf3 {[%emt 0:00:10]} 16. Bxf3 {[%emt 0:00:08]} Qxd4 {[%emt 0:00:13]} 17. Qxd4 {[%emt 0:00:11]} exd4 {[%emt 0:00:02]} 18. e5 {[%emt 0:00:24]} Nd7 {[%emt 0:00:06]} 19. Bxa8 {[%emt 0:00:07]} Rxa8 {[%emt 0:00:04]} 20. e6 {[%emt 0:00:08]} fxe6 {[%emt 0:00:06]} 21. Rxe6 {[%emt 0:00:07]} Nc5 {[%emt 0:00:02]} 22. Re7 {[%emt 0:01:03]} Nxd3 {[%emt 0:00:11]} 23. Bxa5 {[%emt 0:00:09]} bxa5 {[%emt 0:00:10]} 24. Rd1 {[%emt 0:00:11]} Nxb2 {[%emt 0:00:08]} 25. Rxd4 {[%emt 0:00:10]} c5 {[%emt 0:00:05]} 26. Rd2 {[%emt 0:00:22]} Rb8 {[%emt 0:00:09]} 27. Rxa7 {[%emt 0:00:07]} Rb5 {[%emt 0:00:08]} 28. Re7 {[%emt 0:00:21]} Nc4 {[%emt 0:00:11]} 29. Rc2 {[%emt 0:00:17]} Na3 {[%emt 0:00:10]} 30. Rc3 {[%emt 0:00:11]} Nb1 {[%emt 0:00:24]} 31. Rc1 {[%emt 0:00:40]} a4 {[%emt 0:00:11]} 32. Rc7 {[%emt 0:00:10]} Nd2 {[%emt 0:00:14]} 33. R7xc5 {[%emt 0:00:17]} Rxc5 {[%emt 0:00:10]} 34. Rxc5 {[%emt 0:00:06]} a3 {[%emt 0:00:10]} 35. Ra5 {[%emt 0:00:03]} Nb1 {[%emt 0:00:03]} 36. f4 {[%emt 0:00:08]} Kf7 {[%emt 0:00:03]} 37. Kf2 {[%emt 0:00:09]} Kf6 {[%emt 0:00:02]} 38. Ke3 {[%emt 0:00:13]} Kg6 {[%emt 0:00:10]} 39. Kd3 {[%emt 0:00:06]} h5 {[%emt 0:00:17]} 40. Kc2 {[%emt 0:00:03]} Kf6 {[%emt 0:00:11]} 41. Kxb1 {[%emt 0:00:03]} Ke6 {[%emt 0:00:01]} 42. Rxh5 {[%emt 0:00:03]} g6 {[%emt 0:00:02]} 43. Ra5 {[%emt 0:00:03]} Kd6 {[%emt 0:00:02]} 44. Rxa3 {[%emt 0:00:02]} Kc6 {[%emt 0:00:01]} 45. Rb3 {[%emt 0:00:02]} Kc7 {[%emt 0:00:04]} 46. a4 {[%emt 0:00:01] BiancaD offers a draw} Kc6 {[%emt 0:00:14]} 47. a5 {[%emt 0:00:00]} Kc7 {[%emt 0:00:01]} 48. a6 {[%emt 0:00:01]} Kc8 {[%emt 0:00:01]} 49. a7 {[%emt 0:00:02]} Kc7 {[%emt 0:00:02]} 50. a8=Q {[%emt 0:00:03]} Kd6 {[%emt 0:00:02]} 51. Rb5 {[%emt 0:00:04]} Kd7 {[%emt 0:00:02]} 52. Qa6 {[%emt 0:00:03]} Kc7 {[%emt 0:00:01]} 53. Rb7+ {[%emt 0:00:03]} Kc8 {[%emt 0:00:02]} 54. Qa8# {[%emt 0:00:05] Mate Mate} 1-0

[Event "OEISM 0818 BLMM"]
[Site "austriablmm"]
[Date "2020.12.12"]
[Round "1"]
[White "Tobias Gartner"]
[Black "Jeremia07"]
[Result "1-0"]
[WhiteElo "1447"]
[BlackElo "1256"]
[Annotator "NA RC"]
[PlyCount "183"]
[EventDate "2020.12.12"]
[EventType "blitz"]

1. e4 {[%emt 0:00:01]} e5 {[%emt 0:00:04]} 2. Nf3 {[%emt 0:00:03]} Nc6 {[%emt 0:00:01]} 3. Nc3 {[%emt 0:00:02]} Nf6 {[%emt 0:00:10]} 4. a3 {[%emt 0:00:01]} Bc5 {[%emt 0:00:10]} 5. Bb5 {[%emt 0:00:04]} d6 {[%emt 0:00:05]} 6. h3 {[%emt 0:00:02]} Be6 {[%emt 0:00:09]} 7. Bxc6+ {[%emt 0:00:01]} bxc6 {[%emt 0:00:06]} 8. O-O {[%emt 0:00:03]} Kd7 {[%emt 0:00:30]} 9. d3 {[%emt 0:00:04]} d5 {[%emt 0:00:17]} 10. Bg5 {[%emt 0:00:02]} Re8 {[%emt 0:00:10]} 11. Bxf6 {[%emt 0:00:02]} gxf6 {[%emt 0:00:04]} 12. exd5 {[%emt 0:00:04]} cxd5 {[%emt 0:00:07]} 13. Qd2 {[%emt 0:00:06]} d4 {[%emt 0:00:02]} 14. Na4 {[%emt 0:00:07]} Bb6 {[%emt 0:00:05]} 15. Nxb6+ {[%emt 0:00:03]} axb6 {[%emt 0:00:04]} 16. Rfe1 {[%emt 0:00:13]} Bd5 {[%emt 0:00:05]} 17. Qe2 {[%emt 0:00:10]} Kc8 {[%emt 0:00:07]} 18. Rad1 {[%emt 0:00:11]} Bxf3 {[%emt 0:00:02]} 19. Qxf3 {[%emt 0:00:05]} Kb8 {[%emt 0:00:05]} 20. Qh5 {[%emt 0:00:11]} Qd5 {[%emt 0:00:22]} 21. Kh2 {[%emt 0:00:22]} Qa2 {[%emt 0:00:20]} 22. Qxh7 {[%emt 0:00:15]} Qxb2 {[%emt 0:00:03]} 23. Rc1 {[%emt 0:00:05]} Rxa3 {[%emt 0:00:08]} 24. Rb1 {[%emt 0:00:04]} Qxc2 {[%emt 0:00:07]} 25. Rbc1 {[%emt 0:00:04]} Qxf2 {[%emt 0:00:05]} 26. Rg1 {[%emt 0:00:10]} Rxd3 {[%emt 0:00:14]} 27. Qxd3 {[%emt 0:00:07]} Qf4+ {[%emt 0:00:12]} 28. Qg3 {[%emt 0:00:07]} Qxg3+ {[%emt 0:00:09]} 29. Kxg3 {[%emt 0:00:03]} Rg8+ {[%emt 0:00:06]} 30. Kf2 {[%emt 0:00:03]} e4 {[%emt 0:00:10]} 31. Rcd1 {[%emt 0:00:03]} d3 {[%emt 0:00:04]} 32. Rge1 {[%emt 0:00:04]} f5 {[%emt 0:00:02]} 33. g3 {[%emt 0:00:07]} Rh8 {[%emt 0:00:05]} 34. Kg2 {[%emt 0:00:04]} Kc8 {[%emt 0:00:02]} 35. Kf2 {[%emt 0:00:07]} Kd8 {[%emt 0:00:03]} 36. Kg2 {[%emt 0:00:02]} b5 {[%emt 0:00:03]} 37. Rb1 {[%emt 0:00:10]} d2 {[%emt 0:00:08]} 38. Rf1 {[%emt 0:00:03]} e3 {[%emt 0:00:06]} 39. Rxf5 {[%emt 0:00:08]} e2 {[%emt 0:00:05]} 40. Rd5+ {[%emt 0:00:15]} Ke8 {[%emt 0:00:05]} 41. Rxd2 {[%emt 0:00:02]} Rh5 {[%emt 0:00:15]} 42. Rxe2+ {[%emt 0:00:04]} Kf8 {[%emt 0:00:05]} 43. Rd2 {[%emt 0:00:05]} Rc5 {[%emt 0:00:05]} 44. Rd7 {[%emt 0:00:04]} Rc2+ {[%emt 0:00:12]} 45. Kf3 {[%emt 0:00:05]} c5 {[%emt 0:00:02]} 46. Rxb5 {[%emt 0:00:07]} c4 {[%emt 0:00:02]} 47. Rb3 {[%emt 0:00:05]} cxb3 {[%emt 0:00:03]} 48. Rd1 {[%emt 0:00:10]} b2 {[%emt 0:00:04]} 49. Rb1 {[%emt 0:00:03]} Ke8 {[%emt 0:00:13]} 50. h4 {[%emt 0:00:04]} Kd7 {[%emt 0:00:04]} 51. h5 {[%emt 0:00:01]} Kd6 {[%emt 0:00:02]} 52. h6 {[%emt 0:00:02]} Kc5 {[%emt 0:00:01]} 53. h7 {[%emt 0:00:01]} Kb4 {[%emt 0:00:03]} 54. h8=Q {[%emt 0:00:04]} Ka3 {[%emt 0:00:05]} 55. Qa8+ {[%emt 0:00:15]} Kb3 {[%emt 0:00:05]} 56. Qb8+ {[%emt 0:00:10]} Ka2 {[%emt 0:00:05]} 57. Qa8+ {[%emt 0:00:12]} Kxb1 {[%emt 0:00:03]} 58. g4 {[%emt 0:00:12]} Kc1 {[%emt 0:00:02]} 59. g5 {[%emt 0:00:13]} b1=Q {[%emt 0:00:03]} 60. Kf4 {[%emt 0:00:02]} Qb4+ {[%emt 0:00:05]} 61. Kf5 {[%emt 0:00:02]} Rc5+ {[%emt 0:00:04]} 62. Kf6 {[%emt 0:00:05]} Qb6+ {[%emt 0:00:03]} 63. Kg7 {[%emt 0:00:05]} Rxg5+ {[%emt 0:00:05]} 64. Kxf7 {[%emt 0:00:04]} Rf5+ {[%emt 0:00:06]} 65. Ke7 {[%emt 0:00:05]} Rh5 {[%emt 0:00:03]} 66. Qa1+ {[%emt 0:00:05]} Qb1 {[%emt 0:00:09]} 67. Qa3+ {[%emt 0:00:13]} Qb2 {[%emt 0:00:08]} 68. Qa7 {[%emt 0:00:08]} Rh6 {[%emt 0:00:08]} 69. Qc7+ {[%emt 0:00:07]} Qc2 {[%emt 0:00:07]} 70. Qf4+ {[%emt 0:00:13]} Qd2 {[%emt 0:00:07]} 71. Qf8 {[%emt 0:00:18]} Qg5+ {[%emt 0:00:17]} 72. Ke8 {[%emt 0:00:08]} Rh7 {[%emt 0:00:06]} 73. Qa3+ {[%emt 0:00:19]} Kd2 {[%emt 0:00:07]} 74. Qd6+ {[%emt 0:00:10]} Ke3 {[%emt 0:00:02]} 75. Qe6+ {[%emt 0:00:05]} Kf3 {[%emt 0:00:03]} 76. Qc4 {[%emt 0:00:17]} Qg6+ {[%emt 0:00:10]} 77. Kd8 {[%emt 0:00:05]} Qg8+ {[%emt 0:00:03]} 78. Qxg8 {[%emt 0:00:04]} Rh4 {[%emt 0:00:15]} 79. Qf7+ {[%emt 0:00:10]} Rf4 {[%emt 0:00:04]} 80. Qb3+ {[%emt 0:00:05]} Kg4 {[%emt 0:00:04]} 81. Kd7 {[%emt 0:00:03]} Rd4+ {[%emt 0:00:03]} 82. Ke6 {[%emt 0:00:04]} Re4+ {[%emt 0:00:03]} 83. Kd5 {[%emt 0:00:03]} Kf5 {[%emt 0:00:06]} 84. Qc2 {[%emt 0:00:06]} Kg5 {[%emt 0:00:07]} 85. Qxe4 {[%emt 0:00:02]} Kh6 {[%emt 0:00:06]} 86. Ke5 {[%emt 0:00:05]} Kh5 {[%emt 0:00:06]} 87. Qf5+ {[%emt 0:00:04]} Kh4 {[%emt 0:00:05]} 88. Qf4+ {[%emt 0:00:11]} Kh5 {[%emt 0:00:03]} 89. Qg3 {[%emt 0:00:06]} Kh6 {[%emt 0:00:05]} 90. Qg4 {[%emt 0:00:01]} Kh7 {[%emt 0:00:03]} 91. Kf6 {[%emt 0:00:02]} Kh8 {[%emt 0:00:06]} 92. Qg7# {[%emt 0:00:02] Mate Mate} 1-0

[Event "OEISM 0818 BLMM"]
[Site "austriablmm"]
[Date "2020.12.12"]
[Round "1"]
[White "Theodor_13"]
[Black "Goldene Leune"]
[Result "0-1"]
[WhiteElo "1445"]
[BlackElo "1639"]
[Annotator "NA RC"]
[PlyCount "76"]
[EventDate "2020.12.12"]
[EventType "blitz"]

1. e4 {[%emt 0:00:04]} c5 {[%emt 0:00:04]} 2. Nf3 {[%emt 0:00:07]} d6 {[%emt 0:00:02]} 3. Nc3 {[%emt 0:00:03]} Nf6 {[%emt 0:00:02]} 4. Bb5+ {[%emt 0:00:06]} Nc6 {[%emt 0:00:03]} 5. Bxc6+ {[%emt 0:00:02]} bxc6 {[%emt 0:00:02]} 6. O-O {[%emt 0:00:06]} e6 {[%emt 0:00:02]} 7. e5 {[%emt 0:00:15]} dxe5 {[%emt 0:00:02]} 8. Nxe5 {[%emt 0:00:01]} Qc7 {[%emt 0:00:04]} 9. Nc4 {[%emt 0:00:04]} Be7 {[%emt 0:00:02]} 10. d4 {[%emt 0:00:31]} cxd4 {[%emt 0:00:02]} 11. Qxd4 {[%emt 0:00:03]} O-O {[%emt 0:00:02]} 12. Bg5 {[%emt 0:00:04]} Bb7 {[%emt 0:00:18]} 13. Bxf6 {[%emt 0:00:05]} Bxf6 {[%emt 0:00:02]} 14. Qe4 {[%emt 0:00:07]} c5 {[%emt 0:00:03]} 15. Qd3 {[%emt 0:00:05]} Rfd8 {[%emt 0:00:03]} 16. Qh3 {[%emt 0:00:11]} Qc6 {[%emt 0:00:09]} 17. Na5 {[%emt 0:00:04]} Qc7 {[%emt 0:00:06]} 18. Nxb7 {[%emt 0:00:02]} Qxb7 {[%emt 0:00:01]} 19. Rfd1 {[%emt 0:00:09]} Rxd1+ {[%emt 0:00:03]} 20. Rxd1 {[%emt 0:00:02]} Rd8 {[%emt 0:00:06]} 21. Rxd8+ {[%emt 0:00:03]} Bxd8 {[%emt 0:00:02]} 22. Qd3 {[%emt 0:00:05]} Be7 {[%emt 0:00:07]} 23. Na4 {[%emt 0:00:11]} Qb4 {[%emt 0:00:13]} 24. Nc3 {[%emt 0:00:06]} Qxb2 {[%emt 0:00:04]} 25. Ne4 {[%emt 0:00:11]} Qc1+ {[%emt 0:00:08]} 26. Qf1 {[%emt 0:00:14]} Qxc2 {[%emt 0:00:08]} 27. Ng3 {[%emt 0:00:06]} h6 {[%emt 0:00:16]} 28. Qa1 {[%emt 0:00:07]} Bf6 {[%emt 0:00:05]} 29. Qe1 {[%emt 0:00:14]} Bc3 {[%emt 0:00:04]} 30. Qe3 {[%emt 0:00:05]} Qd1+ {[%emt 0:00:09]} 31. Qe1 {[%emt 0:00:06]} Qxe1+ {[%emt 0:00:02]} 32. Nf1 {[%emt 0:00:03]} Bd4 {[%emt 0:00:07]} 33. h3 {[%emt 0:00:03]} Qxf2+ {[%emt 0:00:02]} 34. Kh2 {[%emt 0:00:01]} Qxf1 {[%emt 0:00:02]} 35. Kg3 {[%emt 0:00:01]} Be5+ {[%emt 0:00:02]} 36. Kh4 {[%emt 0:00:03]} Qf4+ {[%emt 0:00:06]} 37. g4 {[%emt 0:00:02]} Bf6+ {[%emt 0:00:04]} 38. Kh5 {[%emt 0:00:03]} Qg5# {[%emt 0:00:02] Mate Mate} 0-1